[Event "SK Ehrenburg-ASD Arci Scacchi BZ"]
[Site "?"]
[Date "2013.11.30"]
[Round "4.2"]
[White "Flatscher, Tobias"]
[Black "D'Ambrosio, Luca"]
[Result "0-1"]
[WhiteElo "1781"]
[BlackElo "1764"]
[PlyCount "58"]
[EventDate "2013.??.??"]

1. e4 Nf6 2. e5 Nd5 3. c4 Nb6 4. d4 d6 5. f4 dxe5 6. fxe5 Nc6 7. Be3 Bf5 8. Nf3
e6 9. Nc3 Nb4 10. Kf2 Nc2 11. Rc1 Nxe3 12. Kxe3 Be7 13. Kf2 O-O 14. h3 f6 15.
c5 Nd5 16. Nxd5 exd5 17. Bd3 Bxd3 18. Qxd3 fxe5 19. dxe5 c6 20. Rhf1 Qa5 21.
Qc3 Qxa2 22. Rc2 Qa4 23. b3 Qb5 24. Ra1 a5 25. Kg1 Qb4 26. Qe3 a4 27. Rxa4 Rxa4
28. bxa4 Qxa4 29. Rb2 Qa1+ 0-1

[Event "SK Ehrenburg-ASD Arci Scacchi BZ"]
[Site "?"]
[Date "2013.11.30"]
[Round "4.3"]
[White "Romaniello, Domenico"]
[Black "Babinetz, Rainer"]
[Result "0-1"]
[WhiteElo "1447"]
[BlackElo "1914"]
[PlyCount "92"]
[EventDate "2013.??.??"]

1. d4 d5 2. c4 e5 3. dxe5 d4 4. Nf3 Nc6 5. Nbd2 Be6 6. a3 Nge7 7. b4 Ng6 8. Bb2
Qd7 9. Qc2 O-O-O 10. Rd1 Ngxe5 11. b5 Nxf3+ 12. Nxf3 Na5 13. Rxd4 Qe8 14. Rxd8+
Qxd8 15. e3 h5 16. Be2 Bc5 17. O-O Qe7 18. Qc3 b6 19. Re1 f6 20. Nd4 Bd7 21.
Bf3 Qd6 22. Rd1 Qe5 23. Qd3 Bd6 24. h3 g5 25. Bc3 g4 26. Qe4 Qxe4 27. Bxe4 Nxc4
28. Nf5 Bxa3 29. Bxf6 Rf8 30. Ne7+ Bxe7 31. Bxe7 Re8 32. Bb7+ Kxb7 33. Rxd7 Ne5
34. Rd5 Rxe7 35. hxg4 hxg4 36. Kh2 c6 37. bxc6+ Kxc6 38. Rd8 b5 39. Kg3 b4 40.
f4 Nd7 41. Kf2 b3 42. Rc8+ Kd5 43. Rc7 b2 44. Rb7 Nb6 45. Rxe7 b1=Q 46. Rxa7
Nc4 0-1

[Event "SK Ehrenburg-ASD Arci Scacchi BZ"]
[Site "?"]
[Date "2013.11.30"]
[Round "4.4"]
[White "Gruber, Alexander"]
[Black "Pollana, Marco"]
[Result "0-1"]
[WhiteElo "1774"]
[BlackElo "1746"]
[PlyCount "112"]
[EventDate "2013.??.??"]

1. e4 Nc6 2. d4 e5 3. d5 Nce7 4. c4 Ng6 5. Nc3 Bc5 6. Nf3 a6 7. g3 d6 8. Bg2
N8e7 9. Qd3 O-O 10. O-O h6 11. Be3 b6 12. a3 f5 13. b4 Bxe3 14. fxe3 a5 15. b5
f4 16. exf4 exf4 17. Ne2 fxg3 18. hxg3 Bg4 19. Ned4 Qd7 20. Nh2 Ne5 21. Qc3 Bh3
22. Bxh3 Qxh3 23. Ne6 Rxf1+ 24. Rxf1 N7g6 25. Rf2 Nf8 26. Nf4 Qd7 27. Nf3 Ng4
28. Re2 g5 29. Nd3 Qf7 30. Kg2 Ng6 31. e5 Rf8 32. Nd2 N6xe5 33. Nxe5 Nxe5 34.
Qe3 Qh5 35. Qe4 g4 36. Kg1 Kg7 37. Rh2 Qg6 38. Qxg6+ Kxg6 39. Rf2 Rxf2 40. Kxf2
Kf5 41. Ke3 h5 42. Kf2 Nf7 43. Ke3 Ng5 44. Nb3 Nf3 45. a4 Ke5 46. Nc1 h4 47.
Nd3+ Kf5 48. gxh4 Nxh4 49. Nf4 Ke5 50. Ne6 Nf5+ 51. Kf2 g3+ 52. Kf3 g2 53. Kxg2
Ne3+ 54. Kf2 Nxc4 55. Nxc7 Kd4 56. Ke2 Nb2 0-1

[Event "SK Ehrenburg-ASD Arci Scacchi BZ"]
[Site "?"]
[Date "2013.11.30"]
[Round "4.5"]
[White "Rinaldo, Gaetano"]
[Black "Mairhofer, Lino"]
[Result "0-1"]
[WhiteElo "1588"]
[BlackElo "1705"]
[PlyCount "74"]
[EventDate "2013.??.??"]

1. g3 d5 2. Nf3 Nf6 3. Bg2 g6 4. O-O Bg7 5. d3 O-O 6. Nbd2 c6 7. c4 Be6 8. Nd4
Bc8 9. cxd5 Nxd5 10. N4f3 Nd7 11. e4 N5b6 12. a4 a5 13. Nb3 Ne5 14. Nxe5 Bxe5
15. Qc2 Bg7 16. Bd2 Nd7 17. Bc3 e5 18. Bd2 Nb8 19. h3 b6 20. f4 Ba6 21. Rf3 Qd6
22. Rd1 c5 23. f5 Nc6 24. Bc3 Rad8 25. Qf2 Bf6 26. Nd2 g5 27. Nf1 Nb4 28. Bxb4
axb4 29. Ne3 Bb7 30. h4 h6 31. g4 Kg7 32. Rh3 Rh8 33. Nc4 Qc7 34. Bf3 Rd4 35.
Qh2 gxh4 36. Kf2 Rhd8 37. Be2 Bxe4 0-1

[Event "SK Ehrenburg-ASD Arci Scacchi BZ"]
[Site "?"]
[Date "2013.11.30"]
[Round "4.6"]
[White "Mairhofer, Rene"]
[Black "Pichler, Klaus"]
[Result "0-1"]
[WhiteElo "1647"]
[BlackElo "1690"]
[PlyCount "66"]
[EventDate "2013.??.??"]

1. e4 d5 2. exd5 Qxd5 3. Nc3 Qd6 4. d4 Nf6 5. g3 Bg4 6. f3 Bf5 7. Bf4 Qd7 8.
Bd3 Bxd3 9. Qxd3 Nc6 10. Nge2 e6 11. O-O-O O-O-O 12. Rhe1 Bd6 13. Bxd6 Qxd6 14.
Ne4 Qb4 15. Nxf6 gxf6 16. g4 h5 17. Rg1 Qa5 18. Qc4 hxg4 19. Rxg4 Qd5 20. Qxd5
Rxd5 21. Nc3 Rf5 22. Rg7 Nd8 23. Rh1 Rxf3 24. h4 Rf5 25. Ne4 Rf4 26. h5 Rxe4
27. h6 f5 28. Kd2 Rxd4+ 29. Ke3 Rg4 30. Kf3 Rxg7 31. hxg7 Rg8 32. Rg1 Kd7 33.
Kf4 Ke7 0-1

[Event "SK Klausen-SC Taufers"]
[Site "?"]
[Date "2013.11.30"]
[Round "4.1"]
[White "Forer, Erich"]
[Black "Schacher, Gerd"]
[Result "0-1"]
[WhiteElo "2334"]
[BlackElo "1838"]
[PlyCount "56"]
[EventDate "2013.??.??"]

1. d4 g6 2. Nf3 Bg7 3. Bf4 d6 4. h3 Nd7 5. Nbd2 e5 6. dxe5 dxe5 7. Bg5 f6 8.
Bh4 Nh6 9. e4 Nf7 10. Bc4 Qe7 11. Qe2 Nd6 12. O-O-O Nc5 13. Kb1 Bd7 14. Ne1
O-O-O 15. Nd3 Ncxe4 16. Nxe4 Nxc4 17. Ndc5 Nd6 18. Nxd7 Nxe4 19. Qxe4 Rxd7 20.
Qa4 Rhd8 21. Qg4 h5 22. Qe2 Qb4 23. Rxd7 Rxd7 24. Bg3 Qd2 25. Qf3 e4 26. Qf4
Bh6 27. Qxd2 Rxd2 28. Re1 f5 0-1

[Event "SK Klausen-SC Taufers"]
[Site "?"]
[Date "2013.11.30"]
[Round "4.2"]
[White "Seebacher, Reinhard"]
[Black "Holzer, Phillipp"]
[Result "1-0"]
[WhiteElo "1864"]
[BlackElo "1831"]
[PlyCount "97"]
[EventDate "2013.??.??"]

1. e4 e5 2. Nf3 Nf6 3. Nc3 Bb4 4. Nxe5 Qe7 5. Ng4 Bxc3 6. dxc3 Qxe4+ 7. Ne3 O-O
8. Bd3 Qh4 9. Qf3 d6 10. O-O Nc6 11. Nf5 Qg4 12. Nh6+ gxh6 13. Qxf6 Re8 14.
Bxh7+ Kxh7 15. Qxf7+ Qg7 16. Qxe8 Ne5 17. Qa4 Bd7 18. Qe4+ Kh8 19. Qf4 Kh7 20.
Qg3 Qf6 21. Bf4 Ng6 22. Be3 Rg8 23. Bd4 Qf7 24. f4 Bc6 25. Qd3 h5 26. Rae1 Kh6
27. Rf2 Nh4 28. Qe2 Nxg2 29. Qe6+ Qg6 30. f5 Nxe1+ 31. fxg6 Rxg6+ 32. Qxg6+
Kxg6 33. Rf6+ Kg5 34. Kf2 Nxc2 35. Rf7 a5 36. Rxc7 a4 37. Rg7+ Kf5 38. Be3 h4
39. Bc1 h3 40. Ke2 Be4 41. Rg5+ Ke6 42. Bf4 d5 43. Kd2 Na1 44. Re5+ Kf6 45. c4
a3 46. bxa3 Bf5 47. cxd5 Nc2 48. Rxf5+ Kxf5 49. Kxc2 1-0

[Event "SK Klausen-SC Taufers"]
[Site "?"]
[Date "2013.11.30"]
[Round "4.3"]
[White "Niederkofler, Andreas"]
[Black "Schrott, Johann"]
[Result "1-0"]
[WhiteElo "1792"]
[BlackElo "1794"]
[PlyCount "74"]
[EventDate "2013.??.??"]

1. e4 c5 2. Nc3 Nc6 3. f4 d6 4. Nf3 g6 5. Bb5 a6 6. Bxc6+ bxc6 7. O-O Bg7 8. d3
Nf6 9. Qe1 O-O 10. Qh4 h6 11. f5 g5 12. Qe1 Nh7 13. Ne2 e6 14. fxe6 Bxe6 15.
Ng3 Rb8 16. c3 f5 17. exf5 Bc8 18. Nd2 Rb7 19. Qe4 d5 20. Qa4 Qb6 21. Kh1 Be5
22. Nb3 Rbf7 23. Be3 d4 24. cxd4 Bxg3 25. hxg3 Qc7 26. dxc5 Bxf5 27. Qc4 Qd7
28. Nd4 Be6 29. Rxf7 Kxf7 30. Qxa6 Bd5 31. Rf1+ Kg6 32. Kg1 Rxf1+ 33. Kxf1 Qg4
34. Nxc6 Qf5+ 35. Kg1 Kh5 36. Ne7 Qe6 37. Qxe6 Bxe6 1-0

[Event "SK Klausen-SC Taufers"]
[Site "?"]
[Date "2013.11.30"]
[Round "4.4"]
[White "Schrott, Ernst"]
[Black "Haidacher, Gerold"]
[Result "1-0"]
[WhiteElo "1857"]
[BlackElo "1699"]
[PlyCount "27"]
[EventDate "2013.??.??"]

1. e4 e5 2. d4 exd4 3. Nf3 Nc6 4. c3 Nf6 5. e5 Ng4 6. cxd4 Bb4+ 7. Nc3 h5 8. h3
Nh6 9. d5 Ne7 10. Bc4 d6 11. Qa4+ Nc6 12. dxc6 Bxc3+ 13. bxc3 bxc6 14. O-O 1-0

[Event "SK Klausen-SC Taufers"]
[Site "?"]
[Date "2013.11.30"]
[Round "4.5"]
[White "Stivaletta, Andrea"]
[Black "Seebacher, Michael"]
[Result "1-0"]
[WhiteElo "1590"]
[BlackElo "1472"]
[PlyCount "82"]
[EventDate "2013.??.??"]

1. e4 c6 2. d4 d5 3. Nc3 dxe4 4. Nxe4 Bf5 5. Ng3 Bg6 6. Nf3 Nf6 7. Bd3 e6 8.
O-O Nbd7 9. Re1 Be7 10. Qe2 O-O 11. Bxg6 hxg6 12. a3 c5 13. c4 cxd4 14. Nxd4
Nb6 15. Be3 Rc8 16. Rac1 Bc5 17. Red1 Qe7 18. b4 Bxd4 19. Bxd4 Rfd8 20. Bc5 Qc7
21. h3 Rxd1+ 22. Rxd1 Nbd7 23. Be3 b6 24. Rc1 Qc6 25. Bf4 Qa4 26. Qd3 Qa6 27.
f3 Qb7 28. Ne4 Nxe4 29. Qxe4 Qxe4 30. fxe4 Kf8 31. Bd6+ Ke8 32. Kf2 Rc6 33. c5
b5 34. a4 a6 35. axb5 axb5 36. Ra1 Nf6 37. Ke3 Kd8 38. Ra5 Ne8 39. e5 Nc7 40.
Bxc7+ Rxc7 41. Rxb5 f5 1-0

[Event "SK Klausen-SC Taufers"]
[Site "?"]
[Date "2013.11.30"]
[Round "4.6"]
[White "Sigmund, Ingenuin"]
[Black "Ratschiller, Manuel"]
[Result "1-0"]
[WhiteElo "1717"]
[BlackElo "1496"]
[PlyCount "43"]
[EventDate "2013.??.??"]

1. e4 e5 2. Nf3 Nc6 3. c3 Bc5 4. b4 Bb6 5. a4 a6 6. b5 Na7 7. Bc4 d6 8. Qb3 Qe7
9. O-O Nf6 10. d3 Bg4 11. Nbd2 O-O 12. h3 Bh5 13. Nh4 Bg6 14. Nxg6 hxg6 15. Nf3
Kh8 16. Ng5 Kg8 17. Kh2 Nd7 18. f4 Nc5 19. Qd1 exf4 20. Bxf4 Ne6 21. Bxe6 fxe6
22. Qg4 1-0

[Event "SK Steinegg Raiffeisen-SC Lana"]
[Site "?"]
[Date "2013.11.30"]
[Round "4.2"]
[White "Lantschner, Carmen"]
[Black "Pichler, Norbert"]
[Result "0-1"]
[WhiteElo "1690"]
[BlackElo "1627"]
[PlyCount "114"]
[EventDate "2013.??.??"]

1. e4 c6 2. d4 d5 3. exd5 cxd5 4. Bd3 Nc6 5. c3 Nf6 6. Bf4 g6 7. Nf3 Bg4 8.
Nbd2 Rc8 9. h3 Bd7 10. Ne5 Nxe5 11. Bxe5 Bg7 12. Nf3 O-O 13. O-O Qb6 14. Qe2
Rfe8 15. Rfe1 Bh6 16. Rab1 Nh5 17. Qd1 Qa5 18. a3 Ba4 19. Bc2 Bb5 20. Nh2 Bd7
21. Ng4 Bxg4 22. hxg4 Nf4 23. Qf3 Ne6 24. Qh3 Bg7 25. Bxg7 Kxg7 26. Qg3 Kg8 27.
f4 Nxd4 28. Bxg6 hxg6 29. cxd4 Qc7 30. Qe3 Qd6 31. Rbc1 Rc4 32. Rxc4 dxc4 33.
Rc1 b5 34. a4 a6 35. axb5 axb5 36. Qe5 Qxe5 37. fxe5 Kg7 38. Kf2 Kh6 39. b3 Rc8
40. bxc4 bxc4 41. Rc3 Kg5 42. Kf3 e6 43. Ke4 Rc7 44. d5 exd5+ 45. Kxd5 Rd7+ 46.
Kxc4 Kf4 47. Rf3+ Kxe5 48. Kc3 f6 49. Rd3 Rxd3+ 50. Kxd3 Kf4 51. Ke2 Kxg4 52.
Kf2 Kf4 53. g3+ Kg4 54. Kg2 f5 55. Kh2 Kf3 56. Kh3 g5 57. g4 f4 0-1

[Event "SK Steinegg Raiffeisen-SC Lana"]
[Site "?"]
[Date "2013.11.30"]
[Round "4.3"]
[White "Kofler, Albin"]
[Black "Pichler, Martin"]
[Result "0-1"]
[WhiteElo "1567"]
[BlackElo "1620"]
[PlyCount "108"]
[EventDate "2013.??.??"]

1. d4 Nf6 2. c4 g6 3. Nc3 Bg7 4. e4 d6 5. Nf3 O-O 6. h3 Nc6 7. Be2 e5 8. d5 Ne7
9. O-O Nd7 10. Bg5 f6 11. Be3 f5 12. Bg5 Nf6 13. Qc2 h6 14. Bd2 f4 15. Nh4 Bd7
16. b4 Qc8 17. Qd3 g5 18. Nf3 g4 19. hxg4 Nxg4 20. Nh2 h5 21. Bf3 Ng6 22. Rac1
Qd8 23. g3 Qg5 24. Ne2 Bh6 25. Kh1 Nxh2 26. Kxh2 fxg3+ 27. Nxg3 Qh4+ 28. Kg1
Bxd2 29. Bxh5 Nf4 30. Qxd2 Nxh5 31. Qh6 Be8 32. Rc3 Rf6 33. Qd2 Bd7 34. Nxh5
Qxh5 35. Rg3+ Rg6 36. Qe3 Rf8 37. f4 Rxf4 38. Rxf4 exf4 39. Qxf4 Rxg3+ 40.
Qxg3+ Qg4 41. Qxg4+ Bxg4 42. Kf2 Kf7 43. Ke3 Kf6 44. Kd4 b6 45. a4 Bd7 46. a5
bxa5 47. bxa5 Be8 48. c5 dxc5+ 49. Kxc5 Ke5 50. a6 Bd7 51. Kc4 Kxe4 52. Kc5 Ke5
53. Kc4 Kd6 54. Kd4 Bb5 0-1

[Event "SK Steinegg Raiffeisen-SC Lana"]
[Site "?"]
[Date "2013.11.30"]
[Round "4.5"]
[White "Menghin, Karl"]
[Black "Schgaguler, Guenther"]
[Result "0-1"]
[WhiteElo "1459"]
[BlackElo "1442"]
[PlyCount "96"]
[EventDate "2013.??.??"]

1. c4 e6 2. d4 f5 3. g3 d5 4. Bg2 c6 5. c5 Nf6 6. Nf3 Be7 7. Ne5 Nbd7 8. Nxd7
Qxd7 9. Nd2 Bd8 10. Nf3 Bc7 11. e3 O-O 12. O-O Qe8 13. Ne1 b6 14. b4 bxc5 15.
dxc5 e5 16. Nc2 e4 17. Bb2 Rb8 18. a3 Ng4 19. Nd4 Ne5 20. Ne2 Ba6 21. Bxe5 Bxe5
22. Rb1 Bd3 23. Rb3 Bc4 24. Rb1 Qc8 25. Re1 Qa6 26. a4 Bd3 27. Nd4 Bxd4 28.
exd4 Bxb1 29. b5 cxb5 30. Qxb1 bxa4 31. Qa2 Qc6 32. f3 Kh8 33. Qd2 Rb3 34. Qf4
Kg8 35. fxe4 fxe4 36. Qe5 Rbb8 37. Bh3 Rbe8 38. Qh5 g6 39. Qg4 Kh8 40. Qd7 Qxd7
41. Bxd7 Rb8 42. c6 Rb2 43. Rc1 a3 44. Rc3 a2 45. Ra3 Rb1+ 46. Kg2 a1=Q 47.
Rxa1 Rxa1 48. Be6 e3 0-1

[Event "SK Steinegg Raiffeisen-SC SSV Bruneck"]
[Site "?"]
[Date "2013.11.09"]
[Round "2.1"]
[White "Oberhammer, Ignaz"]
[Black "Engl, Stefan"]
[Result "1-0"]
[WhiteElo "1935"]
[BlackElo "1838"]
[PlyCount "71"]
[EventDate "2013.??.??"]

1. d4 e6 2. e4 d5 3. Nc3 Bb4 4. e5 c5 5. Qg4 cxd4 6. Qxg7 dxc3 7. b3 Qh4 8.
Qxh8 Qe4+ 9. Kd1 Qg4+ 10. Nf3 Nc6 11. h3 Qg6 12. Bd3 Qxg2 13. Ke2 Qxh1 14.
Qxg8+ Kd7 15. Qg3 Kc7 16. Bb2 Qxf3+ 17. Kxf3 cxb2 18. Rg1 Bc3 19. Qg8 Nxe5+ 20.
Ke2 Rb8 21. f4 Bd7 22. Qg7 Bd4 23. fxe5 Bxg1 24. Qxg1 a5 25. Qb1 h5 26. Qxb2
Rg8 27. Qc3+ Kb6 28. Qd4+ Kc7 29. Qc5+ Bc6 30. Qxa5+ Kb8 31. Qc5 Rg2+ 32. Kf3
d4+ 33. Qxc6 bxc6 34. Kxg2 Kc7 35. a4 c5 36. a5 1-0

[Event "SK Steinegg Raiffeisen-SC SSV Bruneck"]
[Site "?"]
[Date "2013.11.09"]
[Round "2.4"]
[White "Engl, Alexander"]
[Black "Oberhammer, Guenther"]
[Result "1-0"]
[WhiteElo "1613"]
[BlackElo "1591"]
[PlyCount "73"]
[EventDate "2013.??.??"]

1. e4 e5 2. Nf3 Nc6 3. d4 Bd6 4. Bg5 f6 5. Be3 Nge7 6. d5 Nb8 7. c4 b6 8. Bd3
O-O 9. Nc3 Na6 10. a3 Nc5 11. Bc2 Ng6 12. b4 Nb7 13. O-O a5 14. Rb1 Nf4 15. g3
Nh3+ 16. Kg2 Ng5 17. Nxg5 fxg5 18. Qh5 Be7 19. f4 gxf4 20. gxf4 d6 21. f5 Qe8
22. Qg4 Bf6 23. Kh1 Kh8 24. Rg1 Rg8 25. Bg5 Qf7 26. Nb5 Bxg5 27. Qxg5 axb4 28.
axb4 c6 29. dxc6 Qxc4 30. cxb7 Bxb7 31. Nxd6 Qc7 32. Rbd1 Raf8 33. Bb3 Qc3 34.
Bxg8 Qf3+ 35. Qg2 Qxg2+ 36. Rxg2 Kxg8 37. Rdg1 1-0

[Event "ASD Arci Scacchi BZ-J. Richter/Lask BZ"]
[Site "?"]
[Date "2013.12.14"]
[Round "5.1"]
[White "Moncher, Stefano"]
[Black "Olivetti, Davide"]
[Result "1-0"]
[WhiteElo "2178"]
[BlackElo "1862"]
[PlyCount "173"]
[EventDate "2013.??.??"]

1. f4 e5 2. d3 exf4 3. Bxf4 Nc6 4. Nf3 Nf6 5. e4 Be7 6. Be2 O-O 7. O-O d6 8.
Nc3 Nh5 9. Be3 f5 10. Nd4 f4 11. Nxc6 bxc6 12. Bd2 Nf6 13. Bxf4 Nd7 14. Bg4 Bg5
15. Be6+ Kh8 16. Qd2 Qe7 17. Bxd7 Bxf4 18. Rxf4 Bxd7 19. Raf1 Be6 20. Rxf8+
Rxf8 21. Rxf8+ Qxf8 22. Qf2 Qb8 23. Nd1 h6 24. a3 Qb5 25. h3 a5 26. c4 Qg5 27.
Qe3 Qd8 28. Qf4 d5 29. cxd5 cxd5 30. Qe5 Bg8 31. Ne3 dxe4 32. Nf5 Qg5 33. dxe4
Bh7 34. Qe8+ Bg8 35. Qc6 Bh7 36. Qa8+ Bg8 37. Qxa5 Be6 38. Qe5 Bxf5 39. exf5
Qc1+ 40. Kh2 c5 41. f6 gxf6 42. Qxf6+ Kh7 43. Qf5+ Kg8 44. Qe5 Qa1 45. Kg3 c4
46. Qc3 Kh7 47. Qc2+ Kh8 48. Kf2 Qa2 49. a4 h5 50. Qc3+ Kh7 51. a5 Kg6 52. Qe5
h4 53. Kf3 Qa4 54. Qe4+ Kg7 55. Qe7+ Kg6 56. Qd6+ Kf5 57. Qd5+ Kg6 58. Qe4+ Kg7
59. Kf4 Qb3 60. Qe5+ Kg6 61. Kg4 Qa4 62. Qg5+ Kf7 63. Qf4+ Kg6 64. Qf5+ Kh6 65.
Qg5+ Kh7 66. Qxh4+ Kg6 67. Qg5+ Kh7 68. Qf5+ Kg7 69. Kg5 Qc6 70. Qe5+ Kh7 71.
Kf4 Qa6 72. g4 Qa7 73. h4 Qf2+ 74. Kg5 Qd2+ 75. Kf5 Qd7+ 76. Kf6 Qg7+ 77. Ke6
Qg8+ 78. Kd6 Qb8+ 79. Kd5 Qb5+ 80. Ke4 Qa4 81. Qc7+ Kh6 82. Kd5 c3 83. bxc3
Qa2+ 84. Kc5 Qf2+ 85. Kb5 Qb2+ 86. Ka6 Qa1 87. Kb7 1-0

[Event "ASD Arci Scacchi BZ-J. Richter/Lask BZ"]
[Site "?"]
[Date "2013.12.14"]
[Round "5.2"]
[White "Adzic, Ranko"]
[Black "Billio, Atto"]
[Result "0-1"]
[WhiteElo "1789"]
[BlackElo "1993"]
[PlyCount "88"]
[EventDate "2013.??.??"]

1. Nf3 Nf6 2. g3 b5 3. Bg2 Bb7 4. O-O e6 5. d3 d5 6. Nbd2 Bc5 7. c3 Nbd7 8. Nd4
a6 9. Qe1 O-O 10. e4 Ne5 11. Nxe6 Bxf2+ 12. Qxf2 fxe6 13. d4 Nd3 14. Qe2 dxe4
15. Nxe4 Bxe4 16. Bxe4 Nxe4 17. Qxd3 Rxf1+ 18. Qxf1 Qd5 19. Bf4 c5 20. Rd1 Rd8
21. Qe2 Kf7 22. Rf1 Nf6 23. Be5 Ke7 24. Qf2 Rf8 25. Qf4 c4 26. Qg5 Rf7 27. Rf4
a5 28. h4 b4 29. h5 h6 30. Bxf6+ gxf6 31. Qxh6 a4 32. cxb4 a3 33. bxa3 c3 34.
Rg4 Qxa2 35. Qf4 Qc4 36. Qc1 e5 37. Re4 Qd3 38. Qe1 c2 39. b5 Qxe4 40. Qxe4
c1=Q+ 41. Kh2 Qd2+ 42. Kh3 Qxd4 43. Qc6 Qd7+ 44. g4 Qxc6 0-1

[Event "ASD Arci Scacchi BZ-J. Richter/Lask BZ"]
[Site "?"]
[Date "2013.12.14"]
[Round "5.3"]
[White "Bevilacqua, Maurizio"]
[Black "D'Ambrosio, Luca"]
[Result "1-0"]
[WhiteElo "1979"]
[BlackElo "1764"]
[PlyCount "91"]
[EventDate "2013.??.??"]

1. Nf3 Nf6 2. c4 c6 3. d4 d5 4. Qc2 e6 5. g3 Be7 6. Bg2 O-O 7. O-O Nbd7 8. b3
b6 9. Nbd2 Bb7 10. Bb2 Rc8 11. Rad1 c5 12. dxc5 Bxc5 13. Qb1 dxc4 14. Nxc4 Qe7
15. Ng5 Bxg2 16. Rxd7 Qxd7 17. Bxf6 g6 18. Kxg2 Be7 19. Ne4 Qb7 20. f3 Rfd8 21.
Be5 Qd5 22. Nf6+ Bxf6 23. Bxf6 Rd7 24. a4 b5 25. axb5 Qxb5 26. Qc1 Qf5 27. Bb2
f6 28. Rd1 Rxd1 29. Qxd1 Qd5 30. Qa1 e5 31. Qa6 Qc6 32. Qxa7 Rc7 33. Qe3 Qb5
34. Ba3 Rb7 35. Nd2 Kg7 36. Bc5 Rd7 37. b4 Rb7 38. g4 h6 39. h4 g5 40. Ne4 Rd7
41. Nd6 Qb8 42. Nf5+ Kh7 43. Qb3 Qb5 44. Kf2 Rc7 45. Qe6 Qc6 46. Nd6 1-0

[Event "ASD Arci Scacchi BZ-J. Richter/Lask BZ"]
[Site "?"]
[Date "2013.12.14"]
[Round "5.4"]
[White "Pichler, Klaus"]
[Black "De Vita, Gianni"]
[Result "1-0"]
[WhiteElo "1690"]
[BlackElo "1925"]
[PlyCount "129"]
[EventDate "2013.??.??"]

1. e4 e5 2. d4 exd4 3. c3 d5 4. exd5 Qxd5 5. Nf3 Nf6 6. Qxd4 Nc6 7. Qxd5 Nxd5
8. Bc4 Nb6 9. Bb3 Bd6 10. O-O O-O 11. Bc2 Re8 12. Re1 Bg4 13. Nbd2 Ne5 14. Nxe5
Bxe5 15. h3 Bh5 16. g4 Bg6 17. Bxg6 hxg6 18. Nf3 Nc4 19. Nxe5 Nxe5 20. Kg2 c5
21. Be3 Nd3 22. Red1 c4 23. b3 b5 24. bxc4 bxc4 25. Rab1 Reb8 26. Kf3 f5 27.
Bd4 Kf7 28. a4 fxg4+ 29. hxg4 Nb2 30. Rd2 Nxa4 31. Rxb8 Rxb8 32. Ra2 Nb6 33.
Rxa7+ Kf8 34. Rxg7 Nd5 35. Rxg6 Nxc3 36. Rc6 Rb3 37. Rxc4 Nb5+ 38. Kf4 Kf7 39.
Be5 Ke6 40. Rc5 Na3 41. Kg5 Rf3 42. Bd4 Nb1 43. Re5+ Kd7 44. Rf5 Rd3 45. Be5
Nd2 46. f4 Ke6 47. Rf6+ Ke7 48. Kg6 Nf3 49. Bb2 Rb3 50. Rf7+ Ke8 51. Bf6 Rb4
52. Re7+ Kf8 53. Rd7 Rb8 54. Rd8+ Rxd8 55. Bxd8 Kg8 56. f5 Ne5+ 57. Kh5 Kg7 58.
g5 Nd7 59. Ba5 Nf8 60. Bc3+ Kh7 61. g6+ Kg8 62. Kg5 Nd7 63. f6 Kf8 64. f7 Nf6
65. Bb4+ 1-0

[Event "ASD Arci Scacchi BZ-J. Richter/Lask BZ"]
[Site "?"]
[Date "2013.12.14"]
[Round "5.5"]
[White "Kowalczyk, Martin"]
[Black "Pollana, Marco"]
[Result "1-0"]
[WhiteElo "1840"]
[BlackElo "1746"]
[PlyCount "80"]
[EventDate "2013.??.??"]

1. e4 Nc6 2. d4 e5 3. dxe5 Nxe5 4. Nf3 Qf6 5. Nxe5 Qxe5 6. Bd3 Bb4+ 7. c3 Bc5
8. O-O d6 9. Nd2 Bd7 10. Nc4 Qe7 11. b4 Bb6 12. a4 c6 13. Bf4 Bc7 14. Bc2 O-O-O
15. Bxd6 Bxd6 16. Qxd6 Be6 17. Qxe7 Nxe7 18. Ne3 Ng6 19. Rfd1 Nf4 20. Kf1 g6
21. Rxd8+ Rxd8 22. Rd1 Rxd1+ 23. Bxd1 Kc7 24. g3 Nd3 25. Ke2 Ne5 26. Kd2 Nd7
27. f4 Nf6 28. Kd3 h5 29. Kd4 b6 30. Bc2 Bh3 31. Bb3 Be6 32. Bxe6 fxe6 33. Ke5
Nd7+ 34. Kxe6 a5 35. f5 gxf5 36. exf5 b5 37. axb5 a4 38. bxc6 Nf8+ 39. Kf7 Nh7
40. h4 Kxc6 1-0

[Event "ASD Arci Scacchi BZ-J. Richter/Lask BZ"]
[Site "?"]
[Date "2013.12.14"]
[Round "5.6"]
[White "Rinaldo, Gaetano"]
[Black "Mumelter, Igor"]
[Result "1/2-1/2"]
[WhiteElo "1588"]
[BlackElo "1789"]
[PlyCount "37"]
[EventDate "2013.??.??"]

1. g3 Nf6 2. Nf3 d5 3. Bg2 c6 4. O-O Bg4 5. h3 Bxf3 6. exf3 e6 7. d3 Bd6 8. f4
O-O 9. Nd2 e5 10. fxe5 Bxe5 11. Nf3 Bd6 12. Bg5 Nbd7 13. c4 dxc4 14. dxc4 Qc7
15. Qc2 h6 16. Be3 Rfe8 17. Bd4 c5 18. Bxf6 Nxf6 19. Rfe1 1/2-1/2

[Event "CSK Merania-SC Ridnaun"]
[Site "?"]
[Date "2013.12.14"]
[Round "5.1"]
[White "Aigner, Helmut"]
[Black "Bonagura, Stefano"]
[Result "1/2-1/2"]
[WhiteElo "1829"]
[BlackElo "2181"]
[PlyCount "55"]
[EventDate "2013.??.??"]

1. Nf3 d5 2. c4 c6 3. cxd5 cxd5 4. d4 Nf6 5. Nc3 Nc6 6. Bg5 Ne4 7. Nxe4 dxe4 8.
d5 exf3 9. dxc6 Qxd1+ 10. Rxd1 fxe2 11. Bxe2 bxc6 12. O-O f6 13. Be3 e5 14. Bf3
Bb7 15. Rd2 f5 16. Rfd1 e4 17. Be2 Be7 18. Rd7 Bc8 19. Rc7 Be6 20. Rxc6 Kf7 21.
Rc7 Rhc8 22. Rdc1 Rxc7 23. Rxc7 Kf8 24. a3 a5 25. Bd4 g6 26. g3 a4 27. Bc3 Bb3
28. Bc4 1/2-1/2

[Event "CSK Merania-SC Ridnaun"]
[Site "?"]
[Date "2013.12.14"]
[Round "5.2"]
[White "Kaserer, Hanspeter"]
[Black "Helfer, August"]
[Result "0-1"]
[WhiteElo "1711"]
[BlackElo "1582"]
[PlyCount "132"]
[EventDate "2013.??.??"]

1. d4 e6 2. c4 g6 3. Nf3 Bg7 4. e3 Ne7 5. Nc3 a6 6. Bd3 b6 7. O-O O-O 8. b3 c5
9. Bb2 d6 10. Qe2 Bb7 11. Rfd1 Qc7 12. dxc5 dxc5 13. Ne4 e5 14. Bc2 Nbc6 15.
Nd6 Rad8 16. Nxb7 Qxb7 17. Be4 Qc7 18. a3 a5 19. Qc2 Rxd1+ 20. Rxd1 Rd8 21. Rd2
f6 22. Qd1 Kf8 23. Kf1 Rxd2 24. Qxd2 Qd8 25. Ke2 Qxd2+ 26. Kxd2 Ke8 27. g4 Kd7
28. Ne1 Kd6 29. Nd3 Nd8 30. h4 f5 31. gxf5 gxf5 32. Bg2 Ne6 33. Bh3 e4 34. Bxg7
Nxg7 35. Nf4 Ke5 36. Bf1 Ne6 37. Nxe6 Kxe6 38. Kc3 Ke5 39. b4 f4 40. bxc5 bxc5
41. Kb3 Nf5 42. Ka4 fxe3 43. fxe3 Nxe3 44. Be2 Kd4 45. Kb5 a4 46. Kxa4 Nxc4 47.
Kb3 Nb6 48. Kc2 c4 49. Kd2 c3+ 50. Kc2 Nd5 51. a4 Nb4+ 52. Kc1 Nc6 53. Kc2 Nb4+
54. Kc1 Nd3+ 55. Kc2 Ne1+ 56. Kc1 c2 57. Bd1 cxd1=Q+ 58. Kxd1 Nd3 59. a5 Nc5
60. Ke2 Na6 61. Kd2 Kd5 62. Ke3 Nc5 63. h5 h6 64. Kd2 Kc4 65. Ke3 Kb5 66. a6
Kxa6 0-1

[Event "CSK Merania-SC Ridnaun"]
[Site "?"]
[Date "2013.12.14"]
[Round "5.3"]
[White "Obermueller, Johann"]
[Black "Torggler, Martin"]
[Result "1/2-1/2"]
[WhiteElo "1567"]
[BlackElo "1771"]
[PlyCount "45"]
[EventDate "2013.??.??"]

1. Nf3 Nf6 2. g3 g6 3. Bg2 Bg7 4. c4 O-O 5. Nc3 c6 6. O-O e6 7. e4 d5 8. exd5
exd5 9. cxd5 Nxd5 10. Nxd5 Qxd5 11. d4 Qb5 12. a4 Qb6 13. d5 Rd8 14. d6 Qb4 15.
Bf4 Bf8 16. Qe2 Be6 17. Rfd1 Nd7 18. Rd4 Qa5 19. b4 Qf5 20. a5 Bg7 21. Rad1
Bxd4 22. Nxd4 Qh5 23. Bf3 1/2-1/2

[Event "CSK Merania-SC Ridnaun"]
[Site "?"]
[Date "2013.12.14"]
[Round "5.4"]
[White "Zappi, Adriano"]
[Black "Helfer, Sieghard"]
[Result "1/2-1/2"]
[WhiteElo "1474"]
[BlackElo "1468"]
[PlyCount "50"]
[EventDate "2013.??.??"]

1. d4 g6 2. Nf3 Bg7 3. Bf4 d6 4. e3 Nd7 5. Be2 e6 6. O-O Ne7 7. h3 O-O 8. Nbd2
b6 9. c4 Bb7 10. Rc1 e5 11. dxe5 dxe5 12. Bg3 Nf5 13. Bh2 e4 14. Nd4 Nxd4 15.
exd4 Bxd4 16. Qc2 e3 17. fxe3 Bxe3+ 18. Kh1 Qg5 19. Nf3 Bxf3 20. Bxf3 Rae8 21.
Rcd1 Ne5 22. Rd5 c6 23. Rxe5 Rxe5 24. Bxe5 Qxe5 25. Bxc6 Bd4 1/2-1/2